000 02368nam0a2200457 4500
001 RU\NLR\bibl\1660820
005 20260407130753.0
010 _a978-5-9208-0349-8
_9800
021 _aRU
_b2010-48614
_93229
035 _a(NLR Aleph) 001652107
090 _a928354
_c928354
100 _a20100628d2010 |||y0rusy50 ca
101 0 _arus
102 _aRU
105 _ay dm |||||
200 1 _aВ поисках новой идеологии: социокультурные аспекты русского литературного процесса 1920-1930-х годов
_fУчреждение Рос. акад. наук Ин-т мировой лит. им. А.М. Горького
_g[отв. ред. д.ф.н. О.А. Казнина]
210 _aМосква
_cИМЛИ
_d2010
215 _a607 с.
_d22
225 1 _aИстория русской литературы XX века
_i1920-1930-е годы
320 _aБиблиогр. в примеч. в конце ст.
320 _aУказ. имен: с. 595-607
606 1 _aРусская советская литература и общество
_91533659
_3RU\NLR\auth\66969391
606 1 _aРусская советская литература
_z1920-ые гг.
_91582191
_3RU\NLR\auth\66993616
606 1 _aРусская советская литература
_z1930-ые гг.
_92482845
_3RU\NLR\auth\661473751
610 0 _aФилологические науки. Художественная литература -- Российская Федерация -- Русская литература -- 1917-1929 гг. -- История литературы. Идейно-художественные особенности литературы
686 _aШ5(2=Р)71-3,0
_2rubbk
686 _aШ5(2=Р)72-3,0
_2rubbk
686 _aШ5(2=Р)7-30
686 _aШ5(2=Р)7-3,31
686 _aШ5(2=Р)7-3,32
702 1 _aКазнина
_bО. А.
_gОльга Анатольевна
_4340
712 0 2 _4570
_aИнститут мировой литературы им. А. М. Горького
_cМосква
_9453490
_3RU\NLR\AUTH\889978472
801 0 _aRU
_bРГБ
_c20100628
_grcr
801 1 _aRU
_bРГБ
_c20100628
801 2 _aRU
_bNLR
_c20100803
_grcr
942 _cBOOK
980 _aNB